000 00798nam a22002297a 4500
003 UA-OsUOA
001 86478
007 ta
008 20120904b un ||||| |||| 00| 0 ukr d
090 _a321.75
_bК77
942 _cBK
040 _aUA-OsUOA
_brus
_cUA-OsUOA
_dUA-OsUOA
245 _aКоммунистическая партия Советского Союза в резолюциях и решениях съездов, конференций и пленумов ЦК
_b12
_c1971 - 1975
300 _a574 с.
955 _a5
041 _arus
080 _a321.75
260 _aМ.
_bПолитиздат
_c1986
246 3 1 _a1898 - 1986
_n
650 7 _a321 Форми політичних організацій. Держави як політичні влади
_2UDC
999 _c373294
_d373294